00662nam a2200181 a 4500001000900000005001700009008004100026020001500067040001800082050002100100245004900121260002500170300004100195500012000236500005400356504002600410650004400436BRCA_64120190320203106.0940126s1989 mx-a---##b---#000-0#spa-# a9682925223 aDLCcDLCdDLC 4aN6847b.A78 198910aEl arte francés del siglo XIX en México. aMéxicobINBAc1989 a65 p.bil. (algunas a color)c28 cm. aCatálogo de la exposición realizada en el Museo de San Carlos (Ciudad de México), noviembre 1989 - enero 1990 aIncluye lista de catálogo y notas biográficas aBibliografía: p. 6214aArte francésvExposicionesySiglo XIX